| 000 | 00577nam a22001817a 4500 | ||
|---|---|---|---|
| 005 | 20250324102132.0 | ||
| 008 | 250324b |||||||| |||| 00| 0 eng d | ||
| 020 | _a9781402906435 | ||
| 050 |
_aLB3013 _b.J66 JON |
||
| 100 | _aJones Vernon F. | ||
| 245 |
_aComprehensive Classroom Management: _bCreating communities of support and solving problems/ _cVernon F. Jones & Louise S. Jones |
||
| 250 | _a6th Ed. | ||
| 260 |
_aBoston _bAllyn and Bacon _c2001 |
||
| 300 |
_axvi. 463p. _bill. _c22 cm |
||
| 650 | _2Management | ||
| 700 | _aJones Louise S. | ||
| 942 |
_2lcc _cBK _e6th Ed. _n0 |
||
| 999 |
_c5122 _d5122 |
||